A practical understanding of the law (Record no. 78558)

MARC details
000 -LEADER
fixed length control field 00879cab a22001935a 4500
001 - CONTROL NUMBER
control field L137119
008 - FIXED-LENGTH DATA ELEMENTS--GENERAL INFORMATION
fixed length control field 070315e2007 xxk 000 0 eng d
035 ## - SYSTEM CONTROL NUMBER
System control number (Sirsi) u137119
041 ## - LANGUAGE CODE
Language code of text/sound track or separate title eng
100 1# - MAIN ENTRY--PERSONAL NAME
Personal name Pearson, David
245 02 - TITLE STATEMENT
Title A practical understanding of the law
Remainder of title part 2
260 ## - PUBLICATION, DISTRIBUTION, ETC.
Date of publication, distribution, etc. 2007
490 #0 - SERIES STATEMENT
Series statement Facilities Management
Volume/sequential designation 14(6) February 2007, 22-23(2)
520 ## - SUMMARY, ETC.
Summary, etc. Second in a two part series (part one is L137118) discusses the binding contract and agreement between parties. Discusses agreement, intent and consideration as the elements in the binding relationship, and the status of the written and signed document. Considers provisions in English law regarding revocation, rejection, lapse of time and acceptance.
590 ## - LOCAL NOTE (RLIN)
Local note KA
651 #4 - SUBJECT ADDED ENTRY--GEOGRAPHIC NAME
Geographic name England and Wales
Chronological subdivision 1543-
690 ## - LOCAL SUBJECT ADDED ENTRY--TOPICAL TERM (OCLC, RLIN)
Topical term or geographic name as entry element MANAGEMENT-PROJECT MANAGEMENT-CONTRACT ADMINISTRATION
942 ## - ADDED ENTRY ELEMENTS (KOHA)
Suppress in OPAC 0
Holdings
Withdrawn status Lost status Source of classification or shelving scheme Damaged status Not for loan Home library Current library Shelving location Date acquired Total Checkouts Full call number Barcode Date last seen Copy number Price effective from Koha item type
    Dewey Decimal Classification     London London Journal article 15/03/2007   L137119 137119-1001 06/08/2019 1 06/08/2019 Journal article